博多駅から出ている行き先 - Statistics

General Stats
  • This quiz has been taken 375 times
  • The average score is 41 of 53
Answer Stats
Answer % Correct
東京
98%
名古屋
98%
新大阪
98%
広島
98%
小倉
98%
小倉
98%
小倉
98%
岡山
97%
熊本
97%
鹿児島中央
97%
博多南
95%
新下関
93%
福山
92%
門司港
90%
久留米
88%
鳥栖
87%
福岡空港
87%
大分
85%
大分
85%
大牟田
84%
唐津
82%
姪浜
81%
折尾
79%
折尾
79%
西唐津
78%
宮崎空港
75%
南福岡
75%
佐世保
75%
筑前前原
75%
別府
74%
荒尾
73%
武雄温泉
73%
二日市
72%
佐賀
72%
直方
72%
福間
71%
橋本
71%
中津
70%
ハウステンボス
69%
佐伯
66%
赤間
66%
吉塚
65%
江北
64%
新飯塚
63%
篠栗
61%
由布院
59%
肥前鹿島
58%
羽犬塚
57%
早岐
57%
海老津
55%
長者原
54%
荒木
52%
筑前深江
44%
No matching quizzes found
Score Distribution
Percent of People with Each Score
Percentile by Number Answered
Your Score History
You have not taken this quiz